Perl database programming

Bewaard in:
Bibliografische gegevens
Hoofdauteur: Brent Michalski
Formaat: Boek
Taal:Undetermined
Gepubliceerd in: Indianapolis, IN Wiley 2003
Onderwerpen:
Tags: Voeg label toe
Geen labels, Wees de eerste die dit record labelt!
Thư viện lưu trữ: Trung tâm Học liệu Trường Đại học Cần Thơ
LEADER 00483nam a2200169Ia 4500
001 CTU_56378
008 210402s9999 xx 000 0 und d
082 |a 005.73 
082 |b M149 
100 |a Brent Michalski 
245 0 |a Perl database programming 
245 0 |c Brent Michalski 
260 |a Indianapolis, IN 
260 |b Wiley 
260 |c 2003 
650 |a database structures,data structures ( computer science ) 
980 |a Trung tâm Học liệu Trường Đại học Cần Thơ